Регионална библиотека "Любен Каравелов" - Русе

Това е Южна Африка (Запис номер 57699)

MARC детайли
000 -Лидер
Контролно поле с фиксирана дължина 01910nam a2200421 c 4500
003 - Код на организацията, давaща контролен номер
Контролно поле BLK
005 - Дата и час на последна редакция
Контролно поле 20180420222715.0
008 - Елементи от данни с фиксирана дължина
fixed length control field 180408b bul|||||r ||||||| ||bul||
010 ## - Наследен системен номер
LC control number KNG00061707000
020 ## - Международен стандартен номер на книга ISBN
Международен стандартен номер на книга ISBN 0-7970-3212-6
-- издат.: Служба за комуникации на Южна Африка
040 ## - Източник на каталожния запис
Идентификатор на билиотеката - собственик на записа BLK
041 ## - Код за език
Код за езика на текст/звукозапис или на отделно заглавие Български
Код за езика КДБФ Български
080 ## - УДК
Текстов определител УДК Социография. Социално положение. Условия на политическия и социалния живот. Социално и социално-икономическо положение на отделните страни, народи, раси. Социална география. (Общи въпроси)
УДК код - определител по УДК 308
УДК определител (6)
УДК - код + определител 308(6)
139 ## - Редно поле
Редна дума Това е Южна Африка
Авторски знак То - Т 62
245 10 - Сведения за заглавието
Заглавие Това е Южна Африка
Подзаглавни данни Резюме на годишника на Южна Африка 1995 г.
257 ## - Страна на издаване
Страна на създаване/издаване Южно-африканска република
260 ## - Област на издателските данни
-- Претория
Име на издателя, разпространителя и проч. Служба за комуникации на Южна Африка
Година на издаване 1996
Печатница Кейптаун : CTP Book Print.
300 ## - Физическа характеристика
Страници 139 с.
Размери/Мащаб 18 см
380 ## - Жанр
Жанр Обществени науки
500 ## - Общи забележки
Забележка Без сведение за ориг. загл.
650 #4 - Допълнително описание по предмет – тема
Основно описание – тема или топоним Африка - социално-икономическо положение
9 (RLIN) 270785
651 #4 - Допълнително описание по предмет - топоним
Географско понятие Южна Африка
9 (RLIN) 287801
653 ## - Ключова дума – ненормативна
Ключова дума Южна Африка
653 ## - Ключова дума – ненормативна
Ключова дума история
653 ## - Ключова дума – ненормативна
Ключова дума социално-икономическо развитие
653 ## - Ключова дума – ненормативна
Ключова дума политика
653 ## - Ключова дума – ненормативна
Ключова дума промишленост
653 ## - Ключова дума – ненормативна
Ключова дума здравеопазване
653 ## - Ключова дума – ненормативна
Ключова дума география
653 ## - Ключова дума – ненормативна
Ключова дума култура
653 ## - Ключова дума – ненормативна
Ключова дума спорт
653 ## - Ключова дума – ненормативна
Ключова дума обществени отношения
852 ## - Местоположение
Форматна сигнатура Цб І 29084
856 4# - Електронен адрес и достъп
Електронен формат pdf - файл
Път до файла /url/
856 4# - Електронен адрес и достъп
Електронен формат pdf - файл
Път до файла /url/
942 ## - АРТИКУЛИ
Вид на библиотечния материал Книги
Скрит в OPAC Не
944 ## - СЪЗДАВАНЕ И РЕДАКЦИЯ на ЗАПИСА
Създаване/Редакция Създаване
Дата на регистрацията/редакция 13.06.2004
Статус, дата на статуса ф /
Служител, извършил регистрацията/редакцията Людмила_Стоянова
944 ## - СЪЗДАВАНЕ И РЕДАКЦИЯ на ЗАПИСА
Създаване/Редакция Редакция
Дата на регистрацията/редакция 17.03.2009
Статус, дата на статуса ф /
Служител, извършил регистрацията/редакцията
999 ## - СИСТЕМНИ КОНТРОЛНИ НОМЕРА
Koha biblionumber 57699
Koha biblioitemnumber 57699
Наличности
Код за отписване Код за изгубен артикул Източник на класификационната схема Код за повреда Коз за рестрикции Код за отдаване Артикулен № Име на библиотеката - собственик Име на библиотеката, в която се намира в момента Статус (Текущо местоположение) Дата на вписване в системата Местоположение - отдел Цена в лева Инвентарен номер Систематично азбучна сигнатура Баркод Номер на екземпляра Цена в евро Служебна бележка Служебен тип на артикула
  Не е изгубен Universal Decimal Classification Не е повреден само за читалня ползва се в читалня 93981 Регионална библиотека "Любен Каравелов" Русе Регионална библиотека "Любен Каравелов" Русе Основен фонд - ползва се само за читалня 2001-01-01 Хранилище 0.00 631571 Цб І 29084 120000631571 1 0.00 Дост: DA Вид: А N: стар фонд Дата: 01.01.1996 Книги
Vip Innovations Ltd, Rousse, Bulgaria 2025